| Поле | Инд. | ПП | Название | Значение |
|---|---|---|---|---|
| Тип записи | a | |||
| Библиографический уровень | b | |||
| 001 | Контрольный номер | c5a90257ecc948fe9ad29c690d308b6c | ||
| 005 | Дата корректировки | 20200625114243.2 | ||
| 008 | Кодируемые данные | 20170331 | ||
| 040 | b | Код языка каталог. | rus | |
| e | Правила каталог. | PSBO | ||
| 041 | 0_ | a | Код языка текста | rus |
| 084 | a | Индекс другой классификации/Индекс ББК | 67.410.1(2Рос) | |
| 100 | 1_ | a | Автор | Загидуллин М. Р. |
| 245 | 10 | a | Заглавие | Понятие процессуального правонарушения как элемента юридической ответственности в цивилистическом процессе |
| 520 | 0_ | a | Аннотация | В настоящей статье раскрываются элементы юридической (основания (в том числе условия), субъекты и меры (в том числе неблагоприятные последствия), а также порядок/процедура их возложения) ответственности применительно к цивилистическому процессу и подробно анализируется один из них — процессуальное правонарушение как основание юридической ответственности. Анализируются традиционно выделяемые в теории права признаки правонарушения и их проявление в отношении правонарушения в цивилистическом процессе. Приводятся основные позиции ученых и обосновывается авторская точка зрения по некоторым дискуссионным вопросам квалификации состава правонарушения в цивилистическом процессе. Доказывается, что вина в совершении гражданского процессуального правонарушения всегда имеется, презюмируется, а ее степень не имеет правового значения. Обосновывается, что любое нарушение процессуальных норм является противоправным и вредоносным, хотя иногда и в малозначительной степени. На основе проведенного анализа формулируется авторское определение понятия правонарушения в цивилистическом процессе: это любое нарушение субъектом процессуальных правоотношений норм цивилистического процесса, которое должно влечь применение к нему мер юридической ответственности. Оно всегда виновное и всегда причиняет какой-то вред или создает угрозу его причинения |
| 650 | 14 | a | Основная рубрика | право; процессуальное право; гражданское процессуальное право |
| 653 | 0_ | a | Ключевые слова | гражданские процессуальные правоотношения |
| a | Ключевые слова | гражданский процесс | ||
| a | Ключевые слова | Гражданский процессуальный кодекс РФ | ||
| a | Ключевые слова | объекты гражданских правоотношений | ||
| a | Ключевые слова | правовое регулирование | ||
| a | Ключевые слова | правонарушения | ||
| a | Ключевые слова | процессуальные правоотношения | ||
| a | Ключевые слова | Россия | ||
| a | Ключевые слова | субъекты гражданских правоотношений | ||
| a | Ключевые слова | цивилистический процесс | ||
| a | Ключевые слова | юридическая ответственность | ||
| 773 | 08 | t | Заглавие источника | Российская юстиция |
| d | Дата издания источника | 2020 | ||
| g | Прочая информация | № 3. - С. 29 - 32 | ||
| w | Контрольный № источника | e7466aa06b2540358281e2135db0f8ff | ||
| 901 | t | Тип документа | b |